000 00735nam a22002297a 4500
999 _c4529
_d4529
003 AR-CdUCM
008 190308b ||||| |||| 00| 0 spa d
040 _aMUNICIPALIDAD PROVINCIAL DEL CUSCO
_cBIBLIOTECA MUNICIPAL DEL CUSCO
041 _hfre
082 _a878.1 /
_bM14
100 _aMadaule, Jacques
_914191
245 _aCésar /
260 _aBuenos Aires :
_bEdit. Universitaria,
_c1965.
300 _a232 páginas ;
_bIlustraciones,
_c18 cm.
500 _zComo se llega ser un César -- La guerra de las Galias --La lucha por el poder supremo...
650 _aHistoria
_9136
650 _aRoma
_92474
650 _aGalias
_914192
700 _atraducida por Alberto Horovitz
_914193
942 _2ddc
_cLIBROS
945 _admma